Divadlo

Gespeichert in:
Bibliographische Detailangaben
1. Verfasser: Bondor, Denis (Verfasst von)
Weitere Verfasser: Jamnický, Martin (Betreuung Doktorarbeit)
Format: Manuskript Buch
Sprache:Slowakisch
Veröffentlicht: 2020
Schlagworte:
Online-Zugang:http://is.stuba.sk/zp/portal_zp.pl?podrobnosti=152380
https://opac.crzp.sk/?fn=detailBiblioForm&sid=F0D9EA643ED404031EEC1E1BE0B8
Tags: Tag hinzufügen
Keine Tags, Fügen Sie das erste Tag hinzu!

MARC

LEADER 00000ntm a22000003a 4500
001 stuzp79777
003 SK-STU
005 20230516132109.0
007 ta
008 150427s2015----xo-----f-mn---000-0-slo-d
040 |a STU  |b slo 
041 0 |a slo 
100 1 |a Bondor, Denis  |u 010180  |4 aut  |U SvF Stavebná fakulta  |T SvF Katedra konštrukcií pozemných stavieb  |X 75509  |U V180  |Y 18  |7 75509 
242 0 1 |a Theater  |y eng 
245 1 0 |a Divadlo 
260 |c 2020 
650 4 |a Divadlo  |2 slo 
650 4 |a Prevetrávana fasáda  |2 slo 
650 4 |a Občianská vybavenosť  |2 slo 
650 4 |a Theater  |2 eng 
650 4 |a Ventilated facade  |2 eng 
650 4 |a green roof  |2 eng 
700 1 |a Jamnický, Martin  |u 010180  |k Z1  |4 ths  |U SvF Stavebná fakulta  |T SvF Katedra konštrukcií pozemných stavieb  |X 4052  |U V180  |Y 18  |7 A000004052 
856 4 |u http://is.stuba.sk/zp/portal_zp.pl?podrobnosti=152380 
856 4 |u https://opac.crzp.sk/?fn=detailBiblioForm&sid=F0D9EA643ED404031EEC1E1BE0B8